00610nam a2200181 a 450000500170000000800410001702000180005805000230007610000160009924500740011526000390018930000220022844000170025065000110026765000110027899900190028995201200030820140412111307.0010426s19uu xx 00 eng d a0-7445-1610-2 aTR(PS EbHa11 1986 aWest, Colin aHave you seen the crocodile?/cwritten and illustrated by Colin West. aLondon :bWalker Books Ltd,c1986. a1v. (unp.) ; ill. aReading Time aTitle. aSeries c103775d103775 001040aELbELcTRd2001-04-26eLib. Fundg95.75l0oTR(PS E Ha11 1986pE5861r2014-04-12 00:00:00w2014-04-12yBK